<?xml version="1.0" encoding="UTF-8"?>
<record
    xmlns:xsi="http://www.w3.org/2001/XMLSchema-instance"
    xsi:schemaLocation="http://www.loc.gov/MARC21/slim http://www.loc.gov/standards/marcxml/schema/MARC21slim.xsd"
    xmlns="http://www.loc.gov/MARC21/slim">

  <leader>00850nam a2200193 a 4500</leader>
  <controlfield tag="001">BRCA_2972</controlfield>
  <controlfield tag="005">20190320204041.0</controlfield>
  <controlfield tag="008">181208s1856----enka---###---#000-0#eng-#</controlfield>
  <datafield tag="050" ind1=" " ind2="4">
    <subfield code="a">F3423</subfield>
    <subfield code="b">.M37 1856</subfield>
  </datafield>
  <datafield tag="100" ind1="1" ind2=" ">
    <subfield code="a">Markham, Clements Robert</subfield>
    <subfield code="9">8242</subfield>
  </datafield>
  <datafield tag="245" ind1="1" ind2="0">
    <subfield code="a">Cuzco</subfield>
    <subfield code="b">a journey to the ancient capital of Peru, with an account of the history, language, literature, and antiquies of the Incas. And lima : a visit to the capital and provinces of modern Peru, with a skect of the vice regal government, history of the Republic, and review of the literature and society of Peru. With ilustrations and map</subfield>
    <subfield code="c">by Clements Robert Markham.</subfield>
  </datafield>
  <datafield tag="260" ind1=" " ind2=" ">
    <subfield code="a">London</subfield>
    <subfield code="b">Chapman and Hall</subfield>
    <subfield code="c">1856</subfield>
  </datafield>
  <datafield tag="300" ind1=" " ind2=" ">
    <subfield code="a">419 p.</subfield>
    <subfield code="b">il.</subfield>
    <subfield code="c">21 cm.</subfield>
  </datafield>
  <datafield tag="500" ind1=" " ind2=" ">
    <subfield code="a">B83</subfield>
  </datafield>
  <datafield tag="650" ind1="1" ind2="4">
    <subfield code="a">Incas</subfield>
    <subfield code="z">Cuzco, Peru</subfield>
    <subfield code="9">8243</subfield>
  </datafield>
  <datafield tag="650" ind1="1" ind2="4">
    <subfield code="a">Quechua</subfield>
    <subfield code="z">Lima, Peru</subfield>
    <subfield code="9">8244</subfield>
  </datafield>
  <datafield tag="902" ind1=" " ind2=" ">
    <subfield code="a">GFM</subfield>
  </datafield>
  <datafield tag="942" ind1=" " ind2=" ">
    <subfield code="2">lcc</subfield>
    <subfield code="c">B</subfield>
  </datafield>
  <datafield tag="999" ind1=" " ind2=" ">
    <subfield code="c">2711</subfield>
    <subfield code="d">2711</subfield>
  </datafield>
  <datafield tag="952" ind1=" " ind2=" ">
    <subfield code="0">0</subfield>
    <subfield code="1">0</subfield>
    <subfield code="4">0</subfield>
    <subfield code="7">0</subfield>
    <subfield code="a">BRCA</subfield>
    <subfield code="b">BRCA</subfield>
    <subfield code="d">2008-12-18</subfield>
    <subfield code="i">B83</subfield>
    <subfield code="l">0</subfield>
    <subfield code="o">F3423 .M37 1856 (B83)</subfield>
    <subfield code="p">2969</subfield>
    <subfield code="r">2019-03-22 00:00:00</subfield>
    <subfield code="w">2019-03-22</subfield>
    <subfield code="y">B</subfield>
  </datafield>
</record>
